1429 1055 1682 1954 1825 1856 1064 1084 1195 1559 1347 1992 1675 1366 1894 1656 1053 1845 1490 1739 1132 1587 1337 1723 1600 1984 1641 1171 1196 1867 1019 1412 1235 1807 1055 1041 1139 1386 1300 1009 1390 1848 1968 1346 1556 1253 1736 1647 1924 1697 2000 1167 1366 1616 1661 1566 1617 1081 1433 1748 1641 1564 1667 1347 1665 1569 1782 1803 1289 1813 1043 1000 1793 1244 1509 1214 1993 1526 1989 1248 1918 1317 1553 1847 1538 1792 1038 1241 1874 1058 1477 1533 1051 1127 1934 1694 1193 1551 1130 BCNSPRNW ULIB Ver.6.0+V

เปลี่ยนเป็นภาษาไทย

Change to English
 แสดงรายละเอียดบรรณานุกรม
  กลับหน้าหลัก

Brief Record : Get Marc (ISO 2709) : E-mail record : QR code < ปิดหน้าต่าง
LEADER : 00000nam 2200000uu 4500
001    13399110816
003     ULIB
008    110426s2550||||th 000 0 tha d
020    9747306018
050  4 PE1131^bห461ค 2550
100 0  W.warren
245 10 คำศัพท์ภาษาอังกฤษพื้นฐานที่นิยมใช้มากที่สุดในโลก เล่ม 2 /^cW.warren
250    พิมพ์ครั้งที่ 1
260    กรุงเทพฯ :^bปัญญาชน,^c2550
300    238 หน้า
650  7 พจนานุกรมภาษาอังกฤษ
945    ^p70^l0^i027304
945    ^p70^l0^i027303
995    ทศพร
999 ^a ใช้งานได้ทุกระบบ
รายการนี้ยังไม่มีแท็ก
คุณยังไม่ได้ล็อกอิน คุณสามารถมีกิจกรรมร่วมกับเว็บไซต์ได้ แต่ต้องล็อกอินก่อน ::
  ล็อกอิน

รายการสื่อสารสนเทศ

ลำดับที่ ประเภท เลขเรียก/บาร์โค้ด สถานที่ สถานะ
- ไม่พบข้อมูล -

รายการใกล้เคียง
    ผู้แต่ง [W.warren]

    หัวเรื่อง [พจนานุกรมภาษาอังกฤษ]

BibComment


ยังไม่เคยถูกคอมเมนท์

คอมเมนท์ทรัพยากรรายการนี้
  คอมเมนท์: คำศัพท์ภาษาอังกฤษ..


 Copyright 2026. Bcnsprnw @Library